|
|
|
|
| LEADER |
00000nab a2200000 a 4500 |
| 001 |
vtls000724709 |
| 003 |
SK-MaSNL |
| 005 |
20260304102855.0 |
| 008 |
250429c1999 xo 0 slo |
| 015 |
|
|
|a SNBRB2000/06-16910
|
| 035 |
|
|
|a CLN000076873
|
| 035 |
|
|
|a urn:nbn:sk:snk-ab9j1o
|
| 035 |
|
|
|a (urnnbn)urn:nbn:sk:snk:ar-a08ghx
|
| 035 |
|
|
|a (uuid)c71d9eb6-0d3d-4c44-adb1-91fceda759a4
|
| 040 |
|
|
|a SNKBUCL
|b slo
|c SNKBUCL
|e AACR2
|
| 041 |
0 |
|
|a eng
|
| 044 |
|
|
|a xo
|c SK
|
| 080 |
|
|
|a 619:612.119
|2 1997
|
| 080 |
|
|
|a 612.119-019
|2 1997
|
| 080 |
|
|
|a 612.41-019
|2 1997
|
| 245 |
0 |
0 |
|a Post-irradiation changes in myelogram of chickens
|c E. Sesztáková ... [et al.]
|
| 300 |
|
|
|b Obr., tab.
|
| 504 |
|
|
|a Bibliogr. odkazy
|
| 650 |
0 |
7 |
|a kurčatá
|2 snkbucl
|9 18767
|
| 650 |
0 |
7 |
|a krvotvorba
|2 snkbucl
|9 87052
|
| 650 |
0 |
7 |
|a myelogram
|2 snkbucl
|9 1400347
|
| 650 |
0 |
7 |
|a gama žiarenie
|2 snkbucl
|9 25650
|
| 655 |
|
7 |
|a články z novín a časopisov
|2 snkbucl
|9 267496
|
| 700 |
1 |
|
|a Sesztáková, Edina,
|d 1969-
|4 aut
|9 236939
|
| 700 |
1 |
|
|a Beňová, Katarína,
|d 1967-
|4 aut
|9 236938
|
| 700 |
1 |
|
|a Škardová, Ildikó,
|d 1944-
|4 aut
|9 186114
|
| 700 |
1 |
|
|a Toropila, Michal,
|d 1953-
|4 aut
|9 197815
|
| 700 |
1 |
|
|a Leistein, R.
|4 aut
|9 827796
|
| 773 |
0 |
|
|t Folia veterinaria
|g Roč. 43, č. 4 (1999), s. 196-199
|x 0015-5748
|
| 850 |
|
|
|a Slovenská národná knižnica
|
| 852 |
|
|
|a Slovenská národná knižnica
|
| 958 |
|
|
|a article13
|
| 958 |
|
|
|a NB
|
| 958 |
|
|
|a OND
|
| 958 |
|
|
|a EUIPO
|
| 992 |
|
|
|a RBX
|
| 999 |
|
|
|c 2847030
|d 2848960
|